Historia de la literatura española

Gorde:
Xehetasun bibliografikoak
Egile nagusia: García López, José
Formatua: Liburua
Hizkuntza:Spanish
Argitaratua: Barcelona, España Vicens Vives 2006
Gaiak:
Etiketak: Etiketa erantsi
Etiketarik gabe, Izan zaitez lehena erregistro honi etiketa jartzen!

MARC

LEADER 00000nam a22000007a 4500
008 180831b xxu||||| |||| 00| 0 spa d
020 |a 84-316-0597-9 
040 |a  cru BVZT  
090 |a H-862 G-3h 
100 |a García López, José 
245 |a Historia de la literatura española 
260 |a Barcelona, España  |b Vicens Vives  |c 2006 
300 |a 789 páginas : il. 
630 |l Español 
650 0 |9 23  |a LITERATURA ESPAÑOLA 
650 0 |9 90  |a HISTORIA 
999 |c 30569  |d 30569 
942 |c LIB  |h H-862 G-3h  |2 z